A avó tem um remédio (Registo nº 18900)

Detalhes MARC
000 -Etiqueta do registo
Valores 00714nam a22002291i 4500
090 ## -
-- 18900
010 ## - Número ISBN
ISBN 9789724237700
100 ## - Dados gerais de processamento
Dados gerais 20170304u u u0frey50 ba
101 0# - Língua de publicação
-- por
200 1# - Titulo e menção de responsabilidade
Primeira menção de responsabilidade Fina Casalderrey
Título próprio A avó tem um remédio
215 ## - Descrição física 
Paginação / Volumes 22, [2] p.
Outras indicações físicas muito il.
Dimensões 21 cm
210 ## - Publicação
Nome do editor Círculo de Leitores
Local de publicação Lisboa
Data de publicação imp. 2006
225 2# - Colecção 
Título próprio da colecção Cavalo alado
225 2# - Colecção 
Nome de parte ou secção Já sei ler a trote
410 #0 -
-- Cavalo alado
411 #0 -
-- Já sei ler a trote
702 #1 - Autor secundário (pessoa individual)
Apelido Rocha
Nome Ernesto
-- 730
701 #1 - Co-autor principal (pessoa individual)
Apelido López Domínguez
Nome Xan
-- 070
700 #1 - Autor principal (pessoa individual)
Apelido Casalderrey
Nome Fina
-- 070
996 ## - ISO2709
-- 0025468
-- CAS Inf
-- 00000000
-- 00000000
-- BMVAAL
-- 3
-- Alcáçovas
-- Literatura Infantil
-- 35
-- Livro
-- 0
-- 1
990 ## - Elementos KOHA
Tipo de documento Livro
Exemplares
Situação do levantamento Estado Biblioteca de origem Biblioteca de empréstimo Código de barras Cota Permissão de empréstimo Tipo de documento Nota relativa ao exemplar
  Completo Biblioteca Municipal de Viana Do Alentejo Biblioteca Municipal de Viana Do Alentejo Pólo Alcáçovas 0018131 8 CAS Disponível Livro 6-10 anos




Powered by Koha